| 000 | 00459nam a2200193Ia 4500 | ||
|---|---|---|---|
| 003 | GCL | ||
| 008 | 140319s9999 xx 000 0 eng d | ||
| 040 |
_aGCL / _cGCL |
||
| 082 | 0 | 4 |
_a652.5 _bL W |
| 100 | 1 | _aLUEL, S. | |
| 245 | 1 | 0 |
_aWORD 4 FACILE / _cLUEL, S. |
| 700 | 1 | _aLOLOUX, D. | |
| 260 |
_a[S.N] : _bMARABOUT UNIVERSITE ، _c1990 |
||
| 300 | _a443 P | ||
| 490 |
_aMARABOUT _v0 |
||
| 650 | 0 | 4 | _aWORD PROCESSING |
| 650 | 0 | 4 | _aWORD 4 |
| 942 |
_2ddc _cBK |
||
| 999 |
_c22725 _d22725 |
||